LEADER 00878nam0-22003011i-450- 001 990003869600403321 035 $a000386960 035 $aFED01000386960 035 $a(Aleph)000386960FED01 035 $a000386960 100 $a19960715d--------km-y0itay50------ba 101 0 $aita 102 $aIT 200 1 $aConstitutional Determinants of Government Spending$fGuido Tabellini 225 1 $aWorking Paper Series$fInnocenzo Gasparini Institute for Economic Research$v2000.162 610 0 $aEconomia e politica 610 0 $aSpesa pubblica 676 $aN/0.1 676 $aN/2.2 700 1$aTabellini,$bGuido$f<1956- >$0120564 801 0$aIT$bUNINA$gRICA$2UNIMARC 901 $aBK 912 $a990003869600403321 952 $aPaper$fSES 959 $aSES 996 $aConstitutional Determinants of Government Spending$9514135 997 $aUNINA DB $aING01 LEADER 01252nam0 22003011i 450 001 SUN0007276 005 20070227120000.0 010 $a88-449-0096-3 020 $aIT$b2000 12779 100 $a20020823d1999 |0itac50 ba 101 $aita 102 $aIT 105 $a|||| ||||| 200 1 $aˆL'‰interpretazione dei contratti collettivi di lavoro$fa cura di Rosario Flammia$gintroduzione di Giancarlo Durante$gsaggi di Rosario Flammia ... [et al.] 210 $aRoma$cBancaria$d[1999] 215 $a169 p.$d24 cm. 410 1$1001SUN0007433$12001 $aˆI ‰saggi NGL$v1$1210 $aRoma$cBancaria. 606 $aContratti collettivi$xInterpretazione$2FI$3SUNC004280 620 $dRoma$3SUNL000360 676 $a344.4501891$v21 702 1$aFlammia$b, Rosario$3SUNV006064 712 $aBancaria$3SUNV002286$4650 801 $aIT$bSOL$c20181109$gRICA 912 $aSUN0007276 950 $aUFFICIO DI BIBLIOTECA DEL DIPARTIMENTO DI GIURISPRUDENZA$d00 CONS IX.Eam.15 $e00 20541 995 $aUFFICIO DI BIBLIOTECA DEL DIPARTIMENTO DI GIURISPRUDENZA$h20541$kCONS IX.Eam.15$op$qa 996 $aInterpretazione dei contratti collettivi di lavoro$9881076 997 $aUNICAMPANIA